八进制下的七七乘法表 / Octal multiplication table - Statistics

General Stats
  • This quiz has been taken 71 times
  • The average score is 16 of 21
Answer Stats
Hint Answer % Correct
2×2 4
100%
2×3 6
100%
2×4 10
98%
3×3 11
98%
2×5 12
98%
2×6 14
98%
2×7 16
98%
3×4 14
96%
3×5 17
95%
3×6 22
93%
3×7 25
93%
4×4 20
79%
4×5 24
79%
4×6 30
79%
4×7 34
70%
5×5 31
61%
5×6 36
58%
5×7 43
42%
6×6 44
35%
6×7 52
28%
7×7 61
23%
No matching quizzes found
Score Distribution
Percent of People with Each Score
Percentile by Number Answered
Your Score History
You have not taken this quiz